Reckinger Fr., Alle, alle in den Himmel ? Die sperrige Wahrheit im Evangelium, Altenberge, Oros, 2002, 21x15, 228 p., 16 €. ISBN 3-89375-204-8 (notice n° 1620539)
[ vue normale ]
| 000 -LEADER | |
|---|---|
| fixed length control field | 00552cam a2200133 4500500 |
| 005 - DATE AND TIME OF LATEST TRANSACTION | |
| control field | 20260111091207.0 |
| 041 ## - LANGUAGE CODE | |
| Language code of text/sound track or separate title | fre |
| 042 ## - AUTHENTICATION CODE | |
| Authentication code | dc |
| 245 00 - TITLE STATEMENT | |
| Title | Reckinger Fr., Alle, alle in den Himmel ? Die sperrige Wahrheit im Evangelium, Altenberge, Oros, 2002, 21x15, 228 p., 16 €. ISBN 3-89375-204-8 |
| 260 ## - PUBLICATION, DISTRIBUTION, ETC. | |
| Date of publication, distribution, etc. | 2005.<br/> |
| 500 ## - GENERAL NOTE | |
| General note | 16 |
| 786 0# - DATA SOURCE ENTRY | |
| Note | Nouvelle revue théologique | 127 | 1 | 2005-01-03 | p. 156w-169w | 0029-4845 |
| 856 41 - ELECTRONIC LOCATION AND ACCESS | |
| Uniform Resource Identifier | <a href="https://shs.cairn.info/revue-nouvelle-revue-theologique-2005-1-page-156w?lang=fr&redirect-ssocas=7080">https://shs.cairn.info/revue-nouvelle-revue-theologique-2005-1-page-156w?lang=fr&redirect-ssocas=7080</a> |
Pas d'exemplaire disponible.




Réseaux sociaux